000 00533nam a2200193 a 4500
005 20140310183336.0
008 061004s19uu xx 00 eng d
020 _a032120459x
050 _aHG 3881
_b.M443 2004
100 _aMelvin, Michael
245 _aInternational money & finance /
_cMichael Melvin
250 _a7th ed.
260 _aBoston, MA :
_bPearson Education, Inc,
_c2004.
300 _a287 p. :
_bill. ;
_c24 cm.
521 _aBSBA
650 _aInternational finance.
942 _cBK
_2lcc
_kFOR
999 _c21691
_d21691